Radia w Polsce - Statystyki

Ogólne statystyki
  • Ten quiz został rozwiązany 38 razy
  • Średni wynik to 9 z 21
Statystyki odpowiedzi
Nadawca Kolor Nazwa % Poprawnych
RMF * RMF
100%
ZPR * Eska
86%
Polskie Radio * Jedynka
80%
Eurozet * Zet
80%
Polskie Radio * Dwójka
74%
Polskie Radio * Trójka
74%
RMF * RMF MAXX
54%
RMF * RMF Classic
46%
ZPR * Eska Rock
43%
Agora * Złote Przeboje
43%
ZPR * Vox
37%
Eurozet * Antyradio
34%
ZPR * Plus
34%
Eurozet * Meloradio
29%
Agora * Tok
29%
ZPR * Eska 2
23%
Agora * Rock Radio
23%
Agora * Pogoda
17%
Polskie Radio * Polskie Radio 24
17%
Eurozet * Chillzet
11%
RMF * Gra
9%
Nie znaleziono quizów pasujących do podanych kryteriów
Rozkład punktacji
Procent ludzi z każdym wynikiem
Percentyl według liczby udzielonych odpowiedzi
Twoja historia wyników
Nie rozwiązałeś tego quizu